000 00228nam a2200109Ia 4500
100 _a#N/A
942 _cBK
654 _amandrake linux community
245 _aMandrake Linux Community
260 _b#N/A
_c2005
546 _aENGLISH
999 _c32171
_d32171